000 00808cab a2200229 4500
001 ABS53848
008 090401t1995 xxu||||| |||| 00| 0 eng d
035 _a(Sirsi) u6889
041 _aeng
100 _aMak, S.
245 _aRisk analysis in construction: a paradigm shift from a hard to soft approach
260 _c1995
350 _a0
490 _aConstruction Management & Economics
_v13(5) September 1995, 385-392(8)
520 _aIntroduces risk analysis in construction against characteristics of the industry. Describes the concept of fuzzy sets and the difference with the probabilistic method of analysis. References.
650 _aEXPERT SYSTEMS
650 _aFUZZY SETS THEORY
650 _aRISK ANALYSIS
690 _aProject management
_96261
942 _n0
948 _c04/03/1997
999 _c4098
_d4098